|
|
|
|
| LEADER |
00000nkmaa2200000 a 4500 |
| 001 |
vtls011842798 |
| 003 |
SK-MaSNL |
| 005 |
20260301050739.0 |
| 007 |
kh ao |
| 008 |
230802n xx | ||00 k|slo |
| 035 |
|
|
|a urn:nbn:sk:snk-km00dwfo
|
| 035 |
|
|
|a urn:nbn:sk:snk-km3m14i
|
| 035 |
|
|
|a 31E83CAF-DEF8-446E-B75E-3C1E0CCD9237
|
| 040 |
|
|
|a SNKLA
|b slo
|c SNKLA
|e AACR2
|
| 041 |
0 |
|
|a slo
|
| 245 |
0 |
0 |
|a [Johana Augusta Friederika Kollárová s dcérou Ľudmilou]
|h grafika
|
| 260 |
|
|
|a [S.l.
|b s.n.
|c s.a.]
|
| 300 |
|
|
|a 1 fotografia
|b v hnedom tóne
|c 18 x 13 cm
|
| 520 |
2 |
|
|a Zobrazenie: Manželka Jána Kollára Johana Augusta Friederika Kollárová s dcérou Ľudmilou Schellenbergovou.
|
| 600 |
1 |
7 |
|a Kollárová, Johana Augusta Friederika,
|d 1795-1871
|2 SNKLA
|9 356894
|
| 600 |
1 |
7 |
|a Schellenbergová, Ľudmila,
|d 1837-1880
|2 SNKLA
|9 356895
|
| 655 |
|
7 |
|a fotografie
|2 SNKPH
|9 70713
|
| 852 |
7 |
|
|a Slovenská národná knižnica
|b Literárny archív
|
| 958 |
|
|
|a BLA
|
| 958 |
|
|
|a ZO
|
| 999 |
|
|
|c 601697
|d 603627
|
| 952 |
|
|
|a SNKLA
|b SNKLA
|c SNKLA_DEP
|y NEVYP
|7 0
|p 17A1310335
|o snkK 9/276
|i snkLA 4088/1967
|0 0
|1 0
|4 0
|d 2019-02-26
|f 1
|l 0
|r 2026-02-23 15:57:02
|w 2026-02-23
|